Ο Βασιλιάς Ερρίκος ο Η'

Αποθηκεύτηκε σε:
Λεπτομέρειες βιβλιογραφικής εγγραφής
Κύριος συγγραφέας: Shakespeare, William, 1564-1616
Άλλοι συγγραφείς: Δαμιανάκου, Βούλα, 1914-2016 (trlf), Ρώτας, Βασίλης, 1889-1977 (Μεταφραστής)
Μορφή: Βιβλίο
Γλώσσα:Greek
English
Δημοσίευση: Αθήνα : Επικαιρότητα, 1989.
Σειρά:Άπαντα Σαίξπηρ (Επικαιρότητα)
Θέματα:
Ετικέτες: Προσθήκη ετικέτας
Δεν υπάρχουν, Καταχωρήστε ετικέτα πρώτοι!

MARC

LEADER 00000cam a2200000 i 4500
001 1/23576
008 980519s1989 gr | ||| |||| ||gre||
020 |a 9602050497  
035 |l 10036885 
040 |a GR-MyUa   |b gre  |e AACR2  
041 1 |a gre  |h eng 
082 7 |a 822.33   |2 (22)  
100 1 |a Shakespeare, William,   |d 1564-1616. 
245 1 2 |a Ο Βασιλιάς Ερρίκος ο Η' /   |c Ουίλιαμ Σαίξπηρ ; μετάφραση Βασίλη Ρώτα,Βούλας Δαμιανάκου.  
260 |a Αθήνα :   |b Επικαιρότητα,   |c 1989.  
300 |a 161 σ. :   |b πιν. ;   |c 17 εκ.  
490 1 |a (Άπαντα Σαίξπηρ / Επικαιρότητα ;   |v 23)  
500 |a Τίτλος πρωτοτύπου: The Famous History of the Life of King Henry the Eighth.  
600 0 0 |a Henry   |b VIII,   |c King of England,   |d 1491-1547  |x Drama. 
650 0 |a Historical drama. 
651 0 |a Great Britain  |x Kings and rulers  |x Drama. 
700 1 |a Δαμιανάκου, Βούλα,   |d 1914-2016,  |e trlf 
700 1 |a Ρώτας, Βασίλης,   |d 1889-1977,  |e trl 
830 0 |a Άπαντα Σαίξπηρ (Επικαιρότητα) 
852 |a INST  |b RHODES  |e 19980519  |h 822.33 SHA  |p 005400006418  |q 005400006418  |t BK  |y 0 
901 |a BIBL-1998-2 
970 |z 19/05/1998 
922 |a 4ΕΛΗ  |b 199802  |c ΚΠΣ/Ν  |d EMVASIS